000 00643nam a2200169Ia 4500
008 090201s9999 xx 000 0 und d
010 _aKPL-39988
040 _bमराठी
041 _aमराठी
082 _a23318
_b39988
100 _a स्वामी विवेकानंद
245 _aअष्टांगयोग साधना आणि सीध्दी
_c स्वामी विवेकानंद
260 _c2004
_bगजानन बुकडेपो
300 _a155
_bलहान
600 _aअष्टांगयोग साधना आणि सीध्दी
942 _cBOOK
999 _c222796
_d222796